[Event "2nd International Chess Festiv"]
[Site "Paracin"]
[Date "2009.08.24"]
[Round "7.1"]
[White "Janev, Evgeni"]
[Black "Stanojoski, Zvonko"]
[Result "0-1"]
[WhiteElo "2461"]
[BlackElo "2483"]
[PlyCount "135"]
[EventDate "2009.??.??"]

1. e4 c5 2. Nf3 d6 3. d4 cxd4 4. Nxd4 Nf6 5. Nc3 Nc6 6. g3 g6 7. Bg2 Nxd4 8.
Qxd4 Bg7 9. a4 O-O 10. Qb4 Nd7 11. a5 Ne5 12. O-O Nc6 13. Qb5 a6 14. Qa4 Nd4
15. Be3 Bd7 16. Qa2 Nxc2 17. Bb6 Qe8 18. Rad1 Be6 19. Nd5 Nb4 20. Qb3 Nxd5 21.
exd5 Bf5 22. Rc1 Rc8 23. h3 h5 24. Rxc8 Qxc8 25. Kh2 Qd7 26. Rc1 Rc8 27. Rxc8+
Qxc8 28. Be3 Qc7 29. Bg5 Kf8 30. Qb4 Be5 31. Bh6+ Kg8 32. Bg5 Bd3 33. Qe1 Kf8
34. Qe3 Bb5 35. b4 Qc3 36. Qb6 Qc8 37. Qe3 Qc7 38. h4 f6 39. Bh6+ Ke8 40. f4
Bc3 41. Qe6 Kd8 42. f5 gxf5 43. Qg8+ Be8 44. Be3 Qd7 45. Bh3 e6 46. dxe6 Qb5
47. Bb6+ Ke7 48. Qg7+ Kxe6 49. Qxb7 Bd7 50. Qf3 Bxb4 51. Bd4 Bxa5 52. Bf1 Qd5
53. Qe2+ Qe4 54. Qc4+ Ke7 55. Bg2 Bb5 56. Bxf6+ Kxf6 57. Qa2 Qb4 58. Qg8 Bc4
59. Qg5+ Ke6 60. Qxh5 Qd2 61. Qg6+ Ke7 62. Qxf5 Bc3 63. Qe4+ Be6 64. Qb7+ Bd7
65. Qxa6 Be5 66. Qf1 Bc6 67. Kh3 Qe3 68. Kg4 0-1

[Event "2nd International Chess Festiv"]
[Site "Paracin"]
[Date "2009.08.24"]
[Round "7.2"]
[White "Pancevski, Filip"]
[Black "Abramovic, Bosko"]
[Result "1/2-1/2"]
[WhiteElo "2422"]
[BlackElo "2465"]
[PlyCount "62"]
[EventDate "2009.??.??"]

1. e4 e5 2. Nf3 Nc6 3. Bb5 a6 4. Ba4 Nf6 5. O-O Be7 6. Re1 b5 7. Bb3 d6 8. c3
O-O 9. h3 Nb8 10. d4 Nbd7 11. Nbd2 Bb7 12. Bc2 Re8 13. a4 Bf8 14. Bd3 c6 15. b3
Qb6 16. Bb2 g6 17. c4 bxc4 18. Nxc4 Qc7 19. Qc2 exd4 20. Bxd4 c5 21. Bb2 d5 22.
Ncd2 Bg7 23. Rad1 Nxe4 24. Nxe4 Bxb2 25. Nxc5 Rxe1+ 26. Nxe1 Nxc5 27. Qxb2 Ne6
28. Nf3 Rc8 29. Qf6 Qd8 30. Qe5 Qc7 31. Qf6 Qd8 1/2-1/2

[Event "2nd International Chess Festiv"]
[Site "Paracin"]
[Date "2009.08.24"]
[Round "7.3"]
[White "Tosic, Miroslav"]
[Black "Lapcevic, Milos"]
[Result "1-0"]
[WhiteElo "2438"]
[BlackElo "2390"]
[PlyCount "65"]
[EventDate "2009.??.??"]

1. d4 Nf6 2. c4 e6 3. g3 d5 4. Bg2 Be7 5. Nf3 O-O 6. Qc2 c6 7. Nbd2 b6 8. b3
Bb7 9. Bb2 Nbd7 10. Rc1 Rc8 11. Qb1 Ne8 12. e4 dxe4 13. Nxe4 Bb4+ 14. Kf1 f5
15. Neg5 Nc7 16. h4 Bd6 17. Ne5 Nxe5 18. dxe5 Bc5 19. Rd1 Qe7 20. Bf3 b5 21.
Kg2 Rb8 22. Qc2 bxc4 23. bxc4 h6 24. Nh3 g5 25. hxg5 hxg5 26. Be2 Rf7 27. Bc1
Rg7 28. Bxg5 Rxg5 29. Nxg5 Qxg5 30. Rd7 Bd4 31. Rh5 c5+ 32. Kh3 Qg6 33. Qd2 1-0

[Event "2nd International Chess Festiv"]
[Site "Paracin"]
[Date "2009.08.24"]
[Round "7.4"]
[White "Simantsev, Mikhail"]
[Black "Kasparov, Sergey"]
[Result "1/2-1/2"]
[WhiteElo "2527"]
[BlackElo "2487"]
[PlyCount "49"]
[EventDate "2009.??.??"]

1. d4 d5 2. c4 c6 3. Nf3 Nf6 4. Nc3 a6 5. c5 Nbd7 6. Bf4 g6 7. e3 Bg7 8. h3 O-O
9. Be2 Re8 10. O-O Nf8 11. Na4 N6d7 12. Qb3 e5 13. Nxe5 Nxe5 14. Nb6 Rb8 15.
dxe5 Bxe5 16. Bxe5 Rxe5 17. Nxc8 Qxc8 18. Qc3 Re7 19. b4 Qe6 20. Bd3 Qe5 21.
Qxe5 Rxe5 22. g3 Nd7 23. Rfc1 Kg7 24. a4 Ra8 25. Rab1 1/2-1/2

[Event "2nd International Chess Festiv"]
[Site "Paracin"]
[Date "2009.08.24"]
[Round "7.5"]
[White "Ristic, Nebojsa B"]
[Black "Martinovic, Slobodan"]
[Result "1/2-1/2"]
[WhiteElo "2364"]
[BlackElo "2452"]
[PlyCount "40"]
[EventDate "2009.??.??"]

1. d4 Nf6 2. c4 e6 3. Nc3 Bb4 4. Qc2 O-O 5. a3 Bxc3+ 6. Qxc3 b5 7. cxb5 c6 8.
e3 cxb5 9. Bd2 Bb7 10. Qa5 Qxa5 11. Bxa5 Rc8 12. Bc3 Nd5 13. Bd2 a6 14. f3 f5
15. Bd3 d6 16. Ne2 Nd7 17. O-O g6 18. Rac1 Kf7 19. e4 N5b6 20. b3 Ke7 1/2-1/2

[Event "2nd International Chess Festiv"]
[Site "Paracin"]
[Date "2009.08.24"]
[Round "7.6"]
[White "Milenkovic, Mladen"]
[Black "Ivanov, Jordan"]
[Result "0-1"]
[WhiteElo "2336"]
[BlackElo "2431"]
[PlyCount "64"]
[EventDate "2009.??.??"]

1. e4 c5 2. Nf3 e6 3. d4 cxd4 4. Nxd4 Nc6 5. Nc3 Qc7 6. Be3 a6 7. Be2 Nf6 8.
O-O Be7 9. f4 d6 10. Qe1 O-O 11. Qg3 Nxd4 12. Bxd4 b5 13. Kh1 Bb7 14. e5 dxe5
15. Bxe5 Qb6 16. f5 exf5 17. Rxf5 g6 18. Bf3 Bxf3 19. Qxf3 gxf5 20. Re1 Rae8
21. Qxf5 h6 22. Qh3 Qf2 23. Bg3 Qd2 24. Rf1 Bd8 25. Qf5 Qg5 26. Qd3 Re3 27. Qd4
Rxg3 28. hxg3 Re8 29. Rf4 Qxg3 30. Ne2 Rxe2 31. Qxd8+ Ne8 32. Qd5 Re1+ 0-1

[Event "2nd International Chess Festiv"]
[Site "Paracin"]
[Date "2009.08.24"]
[Round "7.7"]
[White "Brankovic, Dejan"]
[Black "Maksimovic, Branimir"]
[Result "1-0"]
[WhiteElo "2358"]
[BlackElo "2421"]
[PlyCount "83"]
[EventDate "2009.08.19"]

1. e4 e6 2. d4 d5 3. Nd2 c5 4. exd5 exd5 5. Ngf3 Nf6 6. Bb5+ Bd7 7. Bxd7+ Nbxd7
8. O-O Be7 9. dxc5 Nxc5 10. Nb3 Nce4 11. Nfd4 Qd7 12. Bf4 O-O 13. Re1 Rac8 14.
c3 Rfe8 15. f3 Nd6 16. Bg5 Nc4 17. Qc2 Nh5 18. Bxe7 Rxe7 19. Rxe7 Qxe7 20. Qf5
Re8 21. Qxh5 Qe3+ 22. Kf1 Nxb2 23. g3 Nd3 24. Kg2 g6 25. Qxd5 Qf2+ 26. Kh3 Re5
27. Qd8+ Kg7 28. Ne6+ fxe6 29. Qxd3 Rh5+ 30. Kg4 Rd5 31. Nd4 Kf6 32. f4 Qg2 33.
Qe2 h5+ 34. Kh4 Qxe2 35. Nxe2 Rd2 36. Re1 Rxa2 37. h3 Rc2 38. g4 hxg4 39. hxg4
a5 40. Nd4 Rxc3 41. Rxe6+ Kf7 42. Rb6 1-0

[Event "2nd International Chess Festiv"]
[Site "Paracin"]
[Date "2009.08.24"]
[Round "7.8"]
[White "Zlatanovic, Boroljub"]
[Black "Lazic, Dragoljub"]
[Result "1-0"]
[WhiteElo "2413"]
[BlackElo "2317"]
[PlyCount "67"]
[EventDate "2009.08.19"]

1. c4 Nf6 2. Nc3 g6 3. g3 Bg7 4. Bg2 O-O 5. Nf3 d6 6. O-O e5 7. d3 Nc6 8. Rb1
a5 9. a3 h6 10. b4 axb4 11. axb4 Be6 12. e4 Qd7 13. Nd5 Ne8 14. b5 Ne7 15. Nh4
Qd8 16. Be3 c6 17. Nb6 Rb8 18. f4 exf4 19. gxf4 c5 20. f5 Bxf5 21. exf5 g5 22.
Nd5 Nxd5 23. Bxd5 gxh4 24. Qf3 b6 25. Kh1 Nf6 26. Bc6 Kh7 27. Rg1 Ng8 28. Rg2
Be5 29. Rbg1 Qf6 30. Qh5 Kh8 31. Be4 Rfe8 32. Bg5 Qg7 33. Bxh6 Qh7 34. f6 1-0

[Event "2nd International Chess Festiv"]
[Site "Paracin"]
[Date "2009.08.24"]
[Round "7.9"]
[White "Nestorovic, Dejan"]
[Black "Popovic, Aleksandar M"]
[Result "1-0"]
[WhiteElo "2405"]
[BlackElo "2300"]
[PlyCount "61"]
[EventDate "2009.08.19"]

1. d4 Nf6 2. c4 g6 3. Nc3 Bg7 4. e4 O-O 5. Nf3 d6 6. Be2 e5 7. O-O Nc6 8. d5
Ne7 9. Ne1 Nd7 10. Nd3 f5 11. Bd2 Nf6 12. f3 f4 13. c5 g5 14. Rc1 h5 15. h3 Ng6
16. cxd6 cxd6 17. Nf2 Rf7 18. Qb3 Bf8 19. Nb5 Nh4 20. Rfd1 Rg7 21. Be1 a6 22.
Nc7 g4 23. fxg4 hxg4 24. hxg4 Rxc7 25. Ba5 Ne8 26. Rxc7 Nxc7 27. Rc1 b6 28.
Bxb6 Rb8 29. Bxc7 Rxb3 30. Bxd8 Rxb2 31. Bxh4 1-0

[Event "2nd International Chess Festiv"]
[Site "Paracin"]
[Date "2009.08.24"]
[Round "7.10"]
[White "Radusinovic, Lazar"]
[Black "Kojovic, Dragan"]
[Result "0-1"]
[WhiteElo "2185"]
[BlackElo "2373"]
[Annotator ",compaq"]
[PlyCount "88"]
[EventDate "2009.08.19"]

1. d4 Nf6 2. Nf3 c5 3. g3 e6 4. Bg2 Nc6 5. O-O Qb6 6. c3 d5 7. b3 Be7 8. Bb2
Bd7 9. Nbd2 Rc8 10. e3 cxd4 11. exd4 a5 12. Rc1 O-O 13. Ne5 Rfd8 14. Kh1 Be8
15. f4 a4 16. b4 a3 17. Bxa3 Ra8 18. Qb3 Qa7 19. Nb1 Nxe5 20. fxe5 Ng4 21. Rce1
Bg5 22. Rf3 Ba4 23. Qb2 Bb5 24. h3 Nh6 25. Bf1 Qa6 26. Bxb5 Qxb5 27. Qe2 Qxe2
28. Rxe2 Nf5 29. b5 $11 Ra5 30. Bb4 Rxb5 31. Rd3 Rc8 32. Kg2 Ra8 33. a3 Rb6 34.
Nd2 Rba6 35. Nb3 b6 36. Rf3 Rc8 37. h4 Be7 38. Rd3 h5 39. Kf3 Bxb4 40. axb4 Ra3
41. Rb2 f6 42. Kf4 Kf7 43. exf6 gxf6 44. Kf3 Nd6 0-1

[Event "2nd International Chess Festiv"]
[Site "Paracin"]
[Date "2009.08.24"]
[Round "7.11"]
[White "Mrkonjic, Nenad"]
[Black "Bojovic, Dusan"]
[Result "1/2-1/2"]
[WhiteElo "2370"]
[BlackElo "2286"]
[PlyCount "39"]
[EventDate "2009.08.19"]

1. Nf3 c5 2. e4 e6 3. b3 a6 4. Bb2 Nc6 5. g3 Nf6 6. d3 d5 7. Nbd2 Be7 8. Bg2
O-O 9. c3 b5 10. O-O Rb8 11. Qc2 Qb6 12. exd5 Nxd5 13. a3 h6 14. c4 Nf6 15. Ne5
Bb7 16. Nxc6 Bxc6 17. Bxc6 Qxc6 18. Be5 Rb7 19. cxb5 axb5 20. Rac1 1/2-1/2

[Event "2nd International Chess Festiv"]
[Site "Paracin"]
[Date "2009.08.24"]
[Round "7.12"]
[White "Solomunovic, Igor"]
[Black "Dudukovic, Nikola"]
[Result "1-0"]
[WhiteElo "2421"]
[BlackElo "2260"]
[PlyCount "51"]
[EventDate "2009.08.19"]

1. e4 e6 2. d4 d5 3. exd5 exd5 4. c4 Nf6 5. Nc3 Be7 6. Nf3 O-O 7. Bd3 dxc4 8.
Bxc4 Bg4 9. O-O Nbd7 10. h3 Bh5 11. g4 Bg6 12. Ne5 Nb6 13. Bb3 c5 14. Be3 Rc8
15. dxc5 Bxc5 16. Bxc5 Rxc5 17. Qxd8 Rxd8 18. f4 Re8 19. Rfe1 Kf8 20. Re2 h5
21. Rae1 hxg4 22. hxg4 Rcxe5 23. Rxe5 Rxe5 24. Rxe5 Nxg4 25. Rc5 Nf6 26. Rc7
1-0

[Event "2nd International Chess Festiv"]
[Site "Paracin"]
[Date "2009.08.24"]
[Round "7.13"]
[White "Radlovacki, Jovan"]
[Black "Radosavljevic, Slobodan D"]
[Result "1-0"]
[WhiteElo "2380"]
[BlackElo "2248"]
[PlyCount "91"]
[EventDate "2009.08.19"]

1. e4 c5 2. Nf3 g6 3. c3 Bg7 4. d4 cxd4 5. cxd4 d5 6. e5 Nc6 7. Bb5 Bg4 8.
Bxc6+ bxc6 9. Nbd2 c5 10. dxc5 Qa5 11. O-O Bxe5 12. Qb3 Bg7 13. Qxd5 Rd8 14.
Qg5 Be6 15. Qe3 Nh6 16. Nb3 Qa4 17. Qe1 Nf5 18. Nbd2 O-O 19. Qe4 Qa6 20. a4 Nd4
21. Nxd4 Rxd4 22. Qc2 Bf5 23. Qb3 Qe2 24. Qe3 Qa6 25. Nf3 Re4 26. Qb3 Be6 27.
Qb5 Qc8 28. Ng5 Bc4 29. Qb4 Rg4 30. h3 a5 31. Qxa5 Bxf1 32. hxg4 Bxg2 33. Kxg2
Qxg4+ 34. Kf1 h6 35. Qd2 hxg5 36. Qe2 Qh3+ 37. Kg1 Rd8 38. Ra3 Qf5 39. Be3 Bxb2
40. Rb3 Be5 41. Kg2 Kg7 42. Qf3 Qc2 43. Bxg5 Rh8 44. Re3 Rh2+ 45. Kf1 Bd4 46.
Bf4 1-0

[Event "2nd International Chess Festiv"]
[Site "Paracin"]
[Date "2009.08.24"]
[Round "7.14"]
[White "Dimitrijevic, Radmilo"]
[Black "Zivkovic, Ivan B"]
[Result "0-1"]
[WhiteElo "2228"]
[BlackElo "2341"]
[PlyCount "72"]
[EventDate "2009.08.19"]

1. e4 c5 2. Nc3 Nc6 3. g3 g6 4. Bg2 Bg7 5. d3 e6 6. Be3 Nd4 7. Qd2 Ne7 8. Nd1
b6 9. c3 Ndc6 10. Bh6 Bxh6 11. Qxh6 Ba6 12. Ne3 Qc7 13. O-O-O O-O-O 14. Nf3 d5
15. exd5 exd5 16. d4 Be2 17. dxc5 Bxd1 18. cxb6 axb6 19. Rxd1 d4 20. cxd4 Nxd4+
21. Kb1 Nef5 22. Qh3 Kb8 23. Rc1 Qe7 24. Nxd4 Nxd4 25. Bh1 Rc8 26. Rd1 Rhd8 27.
Qg2 Ka7 28. Rd3 Nc6 29. Rc3 Na5 30. Rxc8 Rxc8 31. a3 Rd8 32. b4 Nb7 33. Qc6 Rd2
34. Qa4+ Kb8 35. Qc6 Rxf2 36. Qxb6 Re2 0-1

[Event "2nd International Chess Festiv"]
[Site "Paracin"]
[Date "2009.08.24"]
[Round "7.15"]
[White "Markovic, Marko"]
[Black "Pantic, Ivica"]
[Result "1/2-1/2"]
[WhiteElo "2312"]
[BlackElo "2197"]
[PlyCount "39"]
[EventDate "2009.08.19"]

1. e4 c5 2. c3 Nf6 3. e5 Nd5 4. Nf3 Nc6 5. Bc4 Nb6 6. Bb3 c4 7. Bc2 Qc7 8. Qe2
g5 9. e6 dxe6 10. Nxg5 Qe5 11. d4 cxd3 12. Bxd3 Qxe2+ 13. Kxe2 h6 14. Ne4 e5
15. Ng3 Nd5 16. Bf5 e6 17. Be4 b6 18. Rd1 Ba6+ 19. Ke1 O-O-O 20. b4 1/2-1/2

[Event "2nd International Chess Festiv"]
[Site "Paracin"]
[Date "2009.08.24"]
[Round "7.16"]
[White "Stojkovic, Miroljub"]
[Black "Rossi, Aldo A"]
[Result "1-0"]
[WhiteElo "2226"]
[BlackElo "2311"]
[PlyCount "123"]
[EventDate "2009.08.19"]

1. d4 Nf6 2. Nf3 c5 3. e3 e6 4. Bd3 b6 5. O-O Bb7 6. Nbd2 Nc6 7. c3 cxd4 8.
exd4 Be7 9. Re1 O-O 10. Ne5 d6 11. Ng4 Nd5 12. Be4 Na5 13. Ne3 Nf6 14. Bxb7
Nxb7 15. d5 e5 16. Nf5 g6 17. Nxe7+ Qxe7 18. Nf3 Ne8 19. Nd4 Qd7 20. Nc6 Nd8
21. Nxd8 Rxd8 22. f4 f6 23. Be3 Ng7 24. Qd2 Rde8 25. fxe5 Rxe5 26. Bf4 Rxe1+
27. Rxe1 Re8 28. Rxe8+ Nxe8 29. h3 Qe7 30. Qe3 Kf7 31. Kf2 Nc7 32. Qxe7+ Kxe7
33. c4 b5 34. b3 a5 35. a4 bxc4 36. bxc4 Na6 37. Bd2 Nc5 38. Bxa5 Nxa4 39. Ke3
f5 40. h4 Nc5 41. Bb4 Nd7 42. Kd4 Nf6 43. c5 dxc5+ 44. Bxc5+ Kd7 45. Ke5 Ng4+
46. Kf4 Nf6 47. Ke5 Ng4+ 48. Kd4 Nf6 49. Bb4 Ng4 50. Bd2 Nf6 51. Bf4 Ke8 52.
Ke5 Nh5 53. Bh2 Ke7 54. Bg1 Nf6 55. Bc5+ Kf7 56. Bb4 Nd7+ 57. Kd6 Nf6 58. Kc6
Ke8 59. Bc3 Ne4 60. Be5 Kd8 61. d6 h6 62. d7 1-0

[Event "2nd International Chess Festiv"]
[Site "Paracin"]
[Date "2009.08.24"]
[Round "7.17"]
[White "Dinic, Dragan"]
[Black "Mladenovic, Stefan"]
[Result "0-1"]
[WhiteElo "2310"]
[BlackElo "1978"]
[PlyCount "60"]
[EventDate "2009.08.19"]

1. e4 c6 2. Nf3 d5 3. Nc3 dxe4 4. Nxe4 Nf6 5. Ng3 Bg4 6. Bc4 e6 7. h3 Bxf3 8.
Qxf3 Bd6 9. O-O Nbd7 10. d4 Nb6 11. Bd3 Qc7 12. Ne2 Nbd5 13. c4 Nb4 14. Bb1 c5
15. Bg5 Nd7 16. d5 Ne5 17. Qe4 exd5 18. cxd5 f6 19. Be3 O-O-O 20. a3 Na6 21.
Nf4 Qe7 22. Ne6 Rde8 23. Rc1 Kb8 24. Qa4 Nd7 25. Ba2 Nc7 26. b4 Nb6 27. bxc5
Nxa4 28. cxd6 Qxd6 29. Bf4 Rxe6 30. Bxd6 Rxd6 0-1

[Event "2nd International Chess Festiv"]
[Site "Paracin"]
[Date "2009.08.24"]
[Round "7.18"]
[White "Tausanov, Mihail"]
[Black "Popovic, Djordje D"]
[Result "0-1"]
[WhiteElo "1914"]
[BlackElo "2308"]
[PlyCount "144"]
[EventDate "2009.08.19"]

1. Nf3 c5 2. g3 b6 3. Bg2 Bb7 4. b3 Nf6 5. Bb2 e6 6. c4 Be7 7. O-O O-O 8. Nc3
a6 9. Qc2 d6 10. Rfd1 Nbd7 11. e3 Rc8 12. Rac1 Qc7 13. Qb1 Qb8 14. d4 cxd4 15.
Nxd4 Bxg2 16. Kxg2 Qb7+ 17. Kg1 h5 18. Nde2 h4 19. e4 Ne5 20. Kg2 Rfe8 21. f3
Bf8 22. Nf4 b5 23. cxb5 axb5 24. Nd3 b4 25. Ne2 h3+ 26. Kf2 Nfg4+ 27. fxg4
Nxg4+ 28. Ke1 Qxe4 29. Nf2 Nxf2 30. Kxf2 Qg2+ 31. Ke3 Qxh2 32. Rh1 Rxc1 33.
Qxc1 Qg2 34. Qf1 Ra8 35. Qxg2 hxg2 36. Ra1 d5 37. Kf2 f6 38. Kxg2 e5 39. Kf3
Kf7 40. g4 Ke6 41. Ng3 g6 42. Ke3 Bd6 43. Ne2 f5 44. gxf5+ gxf5 45. Kd2 d4 46.
Nxd4+ exd4 47. Bxd4 Kd5 48. Bf2 Be5 49. Rd1 Rxa2+ 50. Ke3+ Ke6 51. Be1 Rb2 52.
Rd3 Bd6 53. Kd4 f4 54. Rf3 Rb1 55. Bxb4 Bxb4 56. Rxf4 Rxb3 57. Kc4 Rb1 58. Re4+
Kd6 59. Rd4+ Kc6 60. Rg4 Bd6 61. Rg6 Rb4+ 62. Kc3 Rh4 63. Kd3 Kd5 64. Rg8 Rh3+
65. Ke2 Ke4 66. Kf2 Rh2+ 67. Rg2 Bc5+ 68. Kg3 Rh8 69. Kg4 Be3 70. Kg3 Rf8 71.
Re2 Rg8+ 72. Kh4 Kf3 0-1

[Event "2nd International Chess Festiv"]
[Site "Paracin"]
[Date "2009.08.24"]
[Round "7.19"]
[White "Ravic, Nenad"]
[Black "Blazeka, Matej"]
[Result "1-0"]
[WhiteElo "2283"]
[BlackElo "2072"]
[PlyCount "77"]
[EventDate "2009.08.19"]

1. e4 e5 2. Nc3 Nc6 3. f4 d6 4. Nf3 Nf6 5. Bc4 Be7 6. O-O Be6 7. Bxe6 fxe6 8.
d4 exd4 9. Nxd4 Qd7 10. Be3 O-O 11. Kh1 Rad8 12. Qe2 Nxd4 13. Bxd4 c5 14. Bf2
Qc6 15. Bh4 Rfe8 16. e5 dxe5 17. Bxf6 Bxf6 18. fxe5 Be7 19. Ne4 Rf8 20. Rxf8+
Bxf8 21. Rf1 Be7 22. Qh5 Rf8 23. Rxf8+ Kxf8 24. Qxh7 Qd5 25. Qh8+ Kf7 26. Qh5+
g6 27. Qh7+ Kf8 28. Qh6+ Kf7 29. Qf4+ Kg7 30. Nc3 Qd4 31. Qxd4 cxd4 32. Ne2 Bc5
33. g4 Kh6 34. Kg2 Bb6 35. h4 Bc7 36. Nxd4 Bxe5 37. c3 Kg7 38. Nxe6+ Kf6 39.
Nc5 1-0

[Event "2nd International Chess Festiv"]
[Site "Paracin"]
[Date "2009.08.24"]
[Round "7.20"]
[White "Vebel, Goran"]
[Black "Milosevic, Aleksandar"]
[Result "1/2-1/2"]
[WhiteElo "2081"]
[BlackElo "2280"]
[PlyCount "41"]
[EventDate "2009.08.19"]

1. d4 Nf6 2. c4 g6 3. Nc3 Bg7 4. e4 d6 5. f4 O-O 6. Nf3 c5 7. d5 e6 8. Be2 exd5
9. cxd5 Re8 10. e5 dxe5 11. fxe5 Ng4 12. Bg5 Qa5 13. O-O c4 14. Ne4 Qb6+ 15.
Kh1 Nxe5 16. Nxe5 Rxe5 17. Nf6+ Kh8 18. Bh4 Bf5 19. Ng4 Bxg4 20. Bxg4 f5 21.
Bf3 1/2-1/2

[Event "2nd International Chess Festiv"]
[Site "Paracin"]
[Date "2009.08.24"]
[Round "7.21"]
[White "Nestorovic, Irena"]
[Black "Djosic, Slavoljub"]
[Result "0-1"]
[WhiteElo "2038"]
[BlackElo "2258"]
[PlyCount "64"]
[EventDate "2009.08.19"]

1. d4 d6 2. Nf3 g6 3. c4 Bg7 4. Nc3 Nd7 5. e4 e5 6. Be3 Ngf6 7. dxe5 dxe5 8. h3
O-O 9. Be2 c6 10. Qc2 Qe7 11. O-O Nh5 12. Rfd1 Nc5 13. b4 Na6 14. a3 f5 15. Bg5
Qf7 16. Be3 h6 17. Rd6 f4 18. Bd2 Nc7 19. Na4 Ne8 20. Rd3 Qe7 21. Rd1 Nhf6 22.
Rc3 Nxe4 23. Bd3 Nxc3 24. Bxc3 Bf5 25. Re1 Rd8 26. Bxf5 Rxf5 27. Nd4 Rf6 28.
Nf3 b6 29. c5 b5 30. Nb2 Re6 31. Nd3 Rxd3 32. Qxd3 e4 0-1

[Event "2nd International Chess Festiv"]
[Site "Paracin"]
[Date "2009.08.24"]
[Round "7.22"]
[White "Vucinic, Gojko"]
[Black "Nestorovic, Lazar"]
[Result "0-1"]
[WhiteElo "1937"]
[BlackElo "2240"]
[PlyCount "30"]
[EventDate "2009.08.19"]

1. e4 c5 2. Nf3 e6 3. d4 cxd4 4. Nxd4 Nf6 5. Nc3 d6 6. g4 h6 7. h4 Nc6 8. Rg1
h5 9. gxh5 Nxh5 10. Bg5 Nf6 11. Bc4 a6 12. f4 Qb6 13. Nce2 Qb4+ 14. c3 Qxc4 15.
b3 Qc5 0-1

[Event "2nd International Chess Festiv"]
[Site "Paracin"]
[Date "2009.08.24"]
[Round "7.23"]
[White "Ilic, Slobodan S"]
[Black "Bulatovic, Nikola"]
[Result "1/2-1/2"]
[WhiteElo "2215"]
[BlackElo "2111"]
[PlyCount "70"]
[EventDate "2009.08.19"]

1. e4 c5 2. Nf3 a6 3. d3 d6 4. g3 e6 5. Bg2 Be7 6. O-O Nc6 7. a4 Qc7 8. Re1 Nf6
9. Nbd2 b6 10. Nf1 Bb7 11. c3 O-O 12. Bd2 Ne5 13. Qc2 b5 14. c4 b4 15. b3 Nxf3+
16. Bxf3 Nd7 17. Bg2 Bf6 18. Rad1 Ne5 19. Be3 Nc6 20. Nd2 Bc3 21. Rf1 Nd4 22.
Bxd4 Bxd4 23. Nf3 Bc3 24. d4 e5 25. dxe5 dxe5 26. Nh4 g6 27. Rd3 Rfd8 28. Rfd1
Kg7 29. Qe2 Bd4 30. Bf3 Rd6 31. Ng2 Rad8 32. Ne3 Bxe3 33. Qxe3 Rxd3 34. Rxd3
Rxd3 35. Qxd3 f6 1/2-1/2

[Event "2nd International Chess Festiv"]
[Site "Paracin"]
[Date "2009.08.24"]
[Round "7.24"]
[White "Grujic, Nebojsa"]
[Black "Petrovski, Igor"]
[Result "1-0"]
[WhiteElo "2214"]
[BlackElo "1972"]
[PlyCount "45"]
[EventDate "2009.08.19"]

1. d4 Nf6 2. c4 e6 3. Nc3 Bb4 4. f3 c5 5. d5 b5 6. e4 bxc4 7. Bxc4 Nxd5 8. Bxd5
exd5 9. Qxd5 Nc6 10. Nge2 Ba6 11. Kf2 O-O 12. Rd1 Ba5 13. Qg5 Qb8 14. Ng3 Bd8
15. Qh5 Bf6 16. Qxc5 Nb4 17. Qd6 Be5 18. Qxd7 Nc2 19. Nd5 Nxa1 20. f4 Bxb2 21.
Qg4 Bxc1 22. Nf5 Qb2+ 23. Kg1 1-0

[Event "2nd International Chess Festiv"]
[Site "Paracin"]
[Date "2009.08.24"]
[Round "7.26"]
[White "Arandjelovic, Aleksandar Z"]
[Black "Grkovic, Milan"]
[Result "1-0"]
[WhiteElo "2113"]
[BlackElo "2137"]
[PlyCount "115"]
[EventDate "2009.08.19"]

1. d4 Nf6 2. c4 c5 3. d5 d6 4. Nc3 g6 5. e4 Bg7 6. Be2 O-O 7. h3 e5 8. Nf3 h6
9. O-O Nh5 10. Nh2 Nf4 11. Bg4 f5 12. exf5 gxf5 13. Bh5 Nxh5 14. Qxh5 f4 15.
Nf3 Rf5 16. Qg6 Rf6 17. Qh5 Bf5 18. Nh4 Bd3 19. Re1 Bxc4 20. Ne4 Bxd5 21. Nxf6+
Qxf6 22. Qe8+ Kh7 23. g3 Be6 24. Qb5 Bd7 25. Qxb7 Bc6 26. Qc7 Bd5 27. Rd1 Na6
28. Qd7 fxg3 29. fxg3 Rf8 30. Be3 Rf7 31. Qa4 Nb4 32. Rf1 Qe6 33. Kh2 Bc6 34.
Qb3 Qxb3 35. axb3 Rb7 36. Rad1 Nd5 37. Bc1 e4 38. Nf5 Be5 39. Bxh6 Rxb3 40. Bc1
e3 41. Rfe1 Bxb2 42. Nxe3 Bxc1 43. Nxd5 Rb2+ 44. Kg1 Bd2 45. Re2 Bxd5 46. Rexd2
Rxd2 47. Rxd2 Bb3 48. Rxd6 a5 49. Kf2 a4 50. Ra6 c4 51. Ke3 c3 52. Ra5 Kg6 53.
Kd3 c2 54. Kd2 Kf6 55. Rc5 Be6 56. Rc6 Ke5 57. Rxe6+ Kxe6 58. Kxc2 1-0

[Event "2nd International Chess Festiv"]
[Site "Paracin"]
[Date "2009.08.24"]
[Round "7.27"]
[White "Stojkovska, Monika"]
[Black "Sarenac, David"]
[Result "0-1"]
[WhiteElo "1889"]
[BlackElo "2227"]
[PlyCount "86"]
[EventDate "2009.08.19"]

1. e4 c5 2. Nf3 d6 3. d4 cxd4 4. Nxd4 Nf6 5. Nc3 a6 6. Nb3 e5 7. Bg5 Be7 8. Bc4
Be6 9. Bxf6 Bxf6 10. Nd5 Bg5 11. a4 O-O 12. O-O Nc6 13. Qe2 Rc8 14. Rfd1 Kh8
15. a5 Ne7 16. Nb6 Rc6 17. Bd5 Bxd5 18. Nxd5 f5 19. Ra4 fxe4 20. Rxe4 Nf5 21.
Qd3 Qe8 22. Nd2 Bxd2 23. Qxd2 Qg6 24. Qd3 Qf7 25. c3 h6 26. f3 Qh5 27. Rg4 Qf7
28. Re4 Rfc8 29. Nb6 Re8 30. Qd5 Qh5 31. Qd3 Re6 32. Rg4 Rc8 33. Nd5 Rf8 34.
Qc4 Rg6 35. Re1 Rg5 36. Rd1 Nh4 37. Rf1 e4 38. Nf4 Rxf4 39. Rxf4 Rxg2+ 40. Kh1
Rxh2+ 41. Kxh2 Nxf3+ 42. Kg3 Qh2+ 43. Kg4 Ne5+ 0-1

[Event "2nd International Chess Festiv"]
[Site "Paracin"]
[Date "2009.08.24"]
[Round "7.28"]
[White "Helin, Mikael"]
[Black "Stefanovic, Vladimir"]
[Result "0-1"]
[WhiteElo "1973"]
[BlackElo "2177"]
[PlyCount "106"]
[EventDate "2009.08.19"]

1. e4 c5 2. Nc3 Nc6 3. g3 g6 4. Bg2 Bg7 5. d3 d6 6. Nge2 e6 7. Be3 Nd4 8. Qd2
Rb8 9. Nd1 Ne7 10. Nc1 e5 11. h3 O-O 12. g4 Nec6 13. c3 Ne6 14. Ne2 b5 15. O-O
b4 16. f4 bxc3 17. bxc3 exf4 18. Nxf4 Nxf4 19. Bxf4 Ne5 20. Ne3 Ba6 21. c4 Rb2
22. Qd1 Qa5 23. Nd5 Bb7 24. Bc1 Rxa2 25. Rxa2 Qxa2 26. Nf6+ Kh8 27. Qe1 Bxf6
28. Rxf6 Nxd3 29. Qc3 Ne5 30. Bf4 Qb1+ 31. Kh2 Qb4 32. Bxe5 dxe5 33. Qxe5 Kg8
34. h4 Qxc4 35. h5 Qd4 36. Qe7 Bc8 37. h6 Qe3 38. Bf3 Qxh6+ 39. Kg3 Qe3 40. e5
Be6 41. Qd6 c4 42. Rf4 c3 43. Qc7 Rc8 44. Qa5 Qxf4+ 45. Kxf4 c2 46. Kg3 c1=Q
47. Kg2 Rc2+ 48. Kg3 Qg1+ 49. Kf4 Qh2+ 50. Ke3 Qf2+ 51. Kd3 Kg7 52. g5 Bf5+ 53.
Be4 Qe2+ 0-1

[Event "2nd International Chess Festiv"]
[Site "Paracin"]
[Date "2009.08.24"]
[Round "7.29"]
[White "Milosavljevic, Marija"]
[Black "Cvetanovic, Uros"]
[Result "0-1"]
[WhiteElo "1848"]
[BlackElo "2164"]
[PlyCount "138"]
[EventDate "2009.08.19"]

1. d4 Nf6 2. Nc3 e6 3. e4 d5 4. Bg5 Be7 5. e5 Nfd7 6. Bxe7 Qxe7 7. f4 O-O 8.
Nf3 a6 9. Be2 c5 10. O-O Nc6 11. Kh1 b5 12. Qd2 cxd4 13. Nxd4 Nxd4 14. Qxd4 Qc5
15. Qxc5 Nxc5 16. Bd3 Bb7 17. Ne2 Rac8 18. Nd4 Na4 19. Rab1 g6 20. c3 Nb6 21.
Rbd1 Nc4 22. Bxc4 Rxc4 23. a3 Rb8 24. Nc2 a5 25. Rd4 Rc7 26. Kg1 Ba6 27. Rfd1
Kf8 28. g3 Ke7 29. Kf2 Bc8 30. R1d2 Bd7 31. Ke3 Rg8 32. h4 h6 33. Rh2 g5 34.
fxg5 hxg5 35. h5 Rcc8 36. Rdd2 g4 37. Rdf2 Rg5 38. Kf4 Rf5+ 39. Kxg4 Rg8+ 40.
Kh4 Rxe5 41. Rf4 Reg5 42. Rhf2 R5g7 43. Ne3 Rh8 44. Rf6 Rb8 45. Ng4 b4 46. Ne5
Be8 47. axb4 axb4 48. g4 bxc3 49. bxc3 Rb1 50. R6f3 Rh1+ 51. Rh3 Rxh3+ 52. Kxh3
f6 53. Nd3 e5 54. Ra2 Bd7 55. Nf2 e4 56. Re2 f5 57. Kg3 Kf6 58. c4 Ke5 59. cxd5
f4+ 60. Kh2 e3 61. Nd3+ Ke4 62. Nc5+ Kf3 63. Re1 Rxg4 64. Nxd7 Kf2 65. Kh3 Rg3+
66. Kh2 Kxe1 67. h6 Rg6 68. Ne5 Rxh6+ 69. Kg2 Ke2 0-1